Suomen kunnat, joiden nimessä on eläin - Statistics

Yleistilastot
  • Tätä visaa on pelattu 114 kertaa
    21 viimeisimmän päivityksen jälkeen
  • Keskiarvotulos 7 / 27
Vastaustilastot
Vastaus % Oikein
Kotka
59%
Orimattila
53%
Siikajoki
53%
Hirvensalmi
47%
Orivesi
47%
Kalajoki
41%
Oripää
41%
Siikalatva
41%
Hailuoto
35%
Kontiolahti
29%
Siikainen
29%
Siilinjärvi
29%
Kiuruvesi
24%
Uusikaarlepyy
24%
Kruunupyy
18%
Kyyjärvi
18%
Parikkala
18%
Pori
18%
Puumala
18%
Janakkala
12%
Pirkkala
12%
Pukkila
12%
Raasepori
12%
Sotkamo
12%
Asikkala
6%
Punkalaidun
0%
Sulkava
0%
Ehtoja vastaavia visoja ei löytynyt
Tulosjakauma
Jokaisen tuloksen saaneiden osuus
Persentiili vastausten määrän mukaan
Tuloshistoriasi
Et ole pelannut tätä visaa sen viimeisimmän päivityksen jälkeen